<?xml version="1.0" encoding="UTF-8"?>
<collection xmlns="http://www.loc.gov/MARC21/slim">
 <record>
  <leader>00940nam a2200277   4500</leader>
  <controlfield tag="001">DLU060052089</controlfield>
  <controlfield tag="005">##20060328</controlfield>
  <datafield tag="040" ind1="#" ind2="#">
   <subfield code="a">DLU</subfield>
   <subfield code="b">vie</subfield>
  </datafield>
  <datafield tag="041" ind1="#" ind2="#">
   <subfield code="a">vie</subfield>
  </datafield>
  <datafield tag="044" ind1="#" ind2="#">
   <subfield code="a">vn</subfield>
  </datafield>
  <datafield tag="082" ind1="#" ind2="#">
   <subfield code="a">890</subfield>
   <subfield code="b">VU-T</subfield>
  </datafield>
  <datafield tag="100" ind1="#" ind2="#">
   <subfield code="a">Vũ Thị Thành</subfield>
  </datafield>
  <datafield tag="245" ind1="#" ind2="#">
   <subfield code="a">Ảnh hưởng của chủ nghĩa hiện sinh đối với văn xuôi đô thị miền Nam Việt Nam 1954 - 1975 :</subfield>
   <subfield code="b">Tóm tắt luận văn thạc sĩ /</subfield>
   <subfield code="c">Vũ Thị Thành; Nguyễn Đình Hảo hướng dẫn</subfield>
  </datafield>
  <datafield tag="260" ind1="#" ind2="#">
   <subfield code="a">Đà lạt :</subfield>
   <subfield code="b">Trường Đại học Đà lạt,</subfield>
   <subfield code="c">2005</subfield>
  </datafield>
  <datafield tag="300" ind1="#" ind2="#">
   <subfield code="a">29 tr. ;</subfield>
   <subfield code="c">21 cm</subfield>
  </datafield>
  <datafield tag="700" ind1="#" ind2="#">
   <subfield code="a">Nguyễn Đình Hảo</subfield>
   <subfield code="e">hướng dẫn</subfield>
  </datafield>
  <datafield tag="915" ind1="#" ind2="#">
   <subfield code="a">Văn học Việt Nam</subfield>
   <subfield code="b">60.22.34</subfield>
   <subfield code="c">Thạc sĩ</subfield>
   <subfield code="d">Trường Đại học Đà lạt</subfield>
   <subfield code="e">Bộ Giáo dục và Đào tạo</subfield>
  </datafield>
  <datafield tag="992" ind1="#" ind2="#">
   <subfield code="a">0</subfield>
  </datafield>
  <datafield tag="994" ind1="#" ind2="#">
   <subfield code="a">DLU</subfield>
  </datafield>
  <datafield tag="900" ind1="#" ind2="#">
   <subfield code="a">True</subfield>
  </datafield>
  <datafield tag="911" ind1="#" ind2="#">
   <subfield code="a">Đào Thị Thu Huyền</subfield>
  </datafield>
  <datafield tag="925" ind1="#" ind2="#">
   <subfield code="a">G</subfield>
  </datafield>
  <datafield tag="926" ind1="#" ind2="#">
   <subfield code="a">A</subfield>
  </datafield>
  <datafield tag="927" ind1="#" ind2="#">
   <subfield code="a">LA</subfield>
  </datafield>
  <datafield tag="980" ind1="#" ind2="#">
   <subfield code="a">Thư viện Trường Đại học Đà Lạt</subfield>
  </datafield>
 </record>
</collection>
